| 000 | 01012nam a2200229Ia 4500 | ||
|---|---|---|---|
| 003 | OSt | ||
| 005 | 20200827154644.0 | ||
| 008 | 191128s2005 ck gr 000 0 spa d | ||
| 040 |
_aCO-JMCR _cCO-JMCR |
||
| 041 | 0 | _aspa | |
| 082 | 0 | 4 |
_a350.87 / _bU762a _223 |
| 100 | 1 |
_aUribe, Eduardo, _eautor _99388 |
|
| 245 | 1 | 0 |
_aAnálisis de la evolución de los servicios públicos domiciliarios durante la última década / _cEduardo Uribe, Harold Coronado, Carolina Domínguez [y 1 más] |
| 260 |
_aBogotá : _bAsociación Nacional de Empresas Servicios Públicos Domiciliarios y Actividades Complementarios e Inherentes, _c2005 |
||
| 300 |
_a400 páginas : _bgráficos a blanco y negro ; _c28 cm. |
||
| 505 | 0 | _aAcuerdo y alcantarillado -- Aseo -- Energía eléctrica -- Telecomunicaciones | |
| 650 | 1 | 4 |
_aServicios públicos domiciliarios _98462 |
| 650 | 1 | 4 |
_aEmpresas públicas domiciliarias _99389 |
| 700 | 1 |
_aCoronado, Harold, _eautor _99390 |
|
| 700 | 1 |
_aDomínguez, Carolina, _eautor _99391 |
|
| 942 |
_2ddc _cBK |
||
| 999 |
_c5919 _d5919 |
||